[Event "26th EUR-ch"]
[Site "Katowice POL"]
[Date "2026.04.18"]
[Round "10.52"]
[White "Kempinski, Robert"]
[Black "Fus, Jakub"]
[Result "1/2-1/2"]
[WhiteElo "2527"]
[BlackElo "2410"]
[EventDate "2026.04.07"]
[PlyCount "39"]

1.Nf3 d5 2.b3 Nf6 3.Bb2 e6 4.c4 Be7 5.g3 O-O 6.Bg2 c5 7.cxd5 Nxd5 8.Nc3 
Nxc3 9.Bxc3 Nc6 10.O-O Qc7 11.Qc2 e5 12.Rfc1 a5 13.Qb2 f6 14.e3 b5 15.Qc2 
Bb7 16.d4 exd4 17.exd4 Qb6 18.dxc5 Bxc5 19.Bb2 Bd6 20.Qf5 1/2-1/2

[Event "26th EUR-ch"]
[Site "Katowice POL"]
[Date "2026.04.18"]
[Round "10.53"]
[White "Petriashvili, Nikoloz"]
[Black "Stefansson, Hannes Hlifar"]
[Result "1/2-1/2"]
[WhiteElo "2518"]
[BlackElo "2414"]
[EventDate "2026.04.07"]
[PlyCount "130"]

1.a3 d5 2.Nf3 Nf6 3.d4 Bf5 4.c4 e6 5.Qb3 b6 6.Nc3 h6 7.g3 Be7 8.Bg2 O-O 9.
O-O c6 10.Nd2 Nbd7 11.e4 dxe4 12.Ndxe4 Nxe4 13.Nxe4 c5 14.Be3 cxd4 15.Bxd4
Qc7 16.Qc3 e5 17.Be3 Rac8 18.Rfc1 Be6 19.Qe1 Nc5 20.Nxc5 Bxc5 21.Bxc5 Qxc5
22.Bf1 Rfd8 23.b4 Qd4 24.Rd1 Qb2 25.Rxd8+ Rxd8 26.Rb1 Qxa3 27.Qe3 e4 28.
Qxe4 Rc8 29.Qd4 Qf3 30.Ra1 Qb7 31.c5 bxc5 32.bxc5 Qc6 33.Rc1 Bd5 34.Qa1 
Qe6 35.Qd4 Ba8 36.Bg2 Bxg2 37.Kxg2 Qc6+ 38.Kg1 a5 39.h4 a4 40.Qb4 Ra8 41.
Qb6 Qxb6 42.cxb6 Rb8 43.Rb1 a3 44.b7 a2 45.Ra1 Rxb7 46.Rxa2 g6 47.Kg2 h5 
48.Ra6 Kg7 49.Rc6 Rb3 50.Rd6 Ra3 51.Rd2 Kf6 52.Rc2 Rb3 53.Rc6+ Kf5 54.Ra6 
Rc3 55.Ra5+ Kf6 56.Rb5 Ra3 57.Rb7 Rc3 58.Ra7 Rb3 59.Rd7 Ra3 60.Rd4 Rb3 61.
Rf4+ Ke6 62.Re4+ Kf6 63.Rf4+ Ke6 64.Re4+ Kf6 65.Rf4+ Ke6 1/2-1/2

[Event "26th EUR-ch"]
[Site "Katowice POL"]
[Date "2026.04.18"]
[Round "10.54"]
[White "Johansson, Linus"]
[Black "Petkov, Momchil"]
[Result "0-1"]
[WhiteElo "2425"]
[BlackElo "2517"]
[EventDate "2026.04.07"]
[PlyCount "108"]

1.d4 Nf6 2.c4 g6 3.Nc3 Bg7 4.e4 d6 5.Be2 O-O 6.Be3 Na6 7.h4 h5 8.Nh3 c6 9.
Ng5 Nc7 10.f3 b5 11.cxb5 Nxb5 12.Nxb5 cxb5 13.O-O Bd7 14.Qb3 Qb8 15.Rac1 
a5 16.Rc2 b4 17.Rfc1 a4 18.Qd3 b3 19.axb3 d5 20.Rc7 dxe4 21.fxe4 a3 22.
bxa3 Rxa3 23.R7c3 Ra5 24.Rc5 Ra3 25.R5c3 Ra2 26.R3c2 Rxc2 27.Rxc2 Bg4 28.
Bf1 Nh7 29.Rb2 Nxg5 30.hxg5 Rd8 31.Rd2 Rc8 32.Rc2 Rd8 33.Rd2 Qc7 34.b4 Qb7
35.b5 Be5 36.Qb3 Bb8 37.Rf2 e6 38.Qd3 Ba7 39.Rd2 Qe7 40.Qb3 Bb6 41.Kf2 e5 
42.d5 Qxg5 43.Rd3 Rc8 44.Kg1 Rc1 45.Bxb6 Qf6 46.Bf2 Be2 47.Rd1 Rxd1 48.
Qxd1 Bxd1 49.b6 Qd6 50.Ba6 Bc2 51.b7 Qb8 52.d6 Bxe4 53.d7 Bc6 54.Bb5 Bxd7 
0-1

[Event "26th EUR-ch"]
[Site "Katowice POL"]
[Date "2026.04.18"]
[Round "10.55"]
[White "Tadic, Stefan"]
[Black "Olszewski, Michal"]
[Result "0-1"]
[WhiteElo "2421"]
[BlackElo "2516"]
[EventDate "2026.04.07"]
[PlyCount "58"]

1.e4 c5 2.Nf3 e6 3.d4 cxd4 4.Nxd4 a6 5.Bd3 Bc5 6.Nb3 Be7 7.c4 d6 8.Nc3 Nf6
9.Be3 O-O 10.O-O b6 11.f4 Bb7 12.Qe2 Nc6 13.Rad1 Nd7 14.Bb1 Qc7 15.Qh5 g6 
16.Qh3 Bf6 17.e5 dxe5 18.Ne4 Be7 19.fxe5 Ncxe5 20.Ng5 Bxg5 21.Bxg5 Qxc4 
22.Rf4 Qb5 23.Nd4 Qc5 24.Bh4 Rac8 25.b4 Qd6 26.Bg3 Rc4 27.Rh4 Nf6 28.Bf2 
Rfc8 29.Be3 Rc3 0-1

[Event "26th EUR-ch"]
[Site "Katowice POL"]
[Date "2026.04.18"]
[Round "10.56"]
[White "Injac, Teodora"]
[Black "Davtian, Artur"]
[Result "0-1"]
[WhiteElo "2410"]
[BlackElo "2509"]
[EventDate "2026.04.07"]
[PlyCount "74"]

1.Nf3 c5 2.c4 g6 3.d4 cxd4 4.Nxd4 Bg7 5.e4 Nc6 6.Be3 Nf6 7.Nc3 d6 8.Be2 
Bd7 9.O-O O-O 10.Qd2 Nxd4 11.Bxd4 Bc6 12.f3 a5 13.b3 Nd7 14.Be3 f5 15.exf5
gxf5 16.Rac1 Qe8 17.Nd5 Qf7 18.Rfe1 Kh8 19.Bf1 Ne5 20.f4 Ng6 21.Bb6 a4 22.
b4 e5 23.Rcd1 Rac8 24.b5 Be8 25.Qb4 exf4 26.Qxd6 f3 27.gxf3 Nh4 28.Re7 
Nxf3+ 29.Kf2 Qh5 30.Be2 f4 31.Bxf3 Qxh2+ 32.Kf1 Qg3 33.Bg2 Rxc4 34.Rxg7 
Qxg7 35.Bf3 Bxb5 36.Be2 f3 37.Bxc4 Qg2+ 0-1

[Event "26th EUR-ch"]
[Site "Katowice POL"]
[Date "2026.04.18"]
[Round "10.57"]
[White "Valiyev, Shahin"]
[Black "Travadon, Loic"]
[Result "1-0"]
[WhiteElo "2408"]
[BlackElo "2505"]
[EventDate "2026.04.07"]
[PlyCount "97"]

1.e4 c5 2.Nf3 Nc6 3.d4 cxd4 4.Nxd4 Nf6 5.Nc3 h6 6.Bc4 e6 7.O-O Qc7 8.Nxc6 
dxc6 9.a4 Bd6 10.f4 e5 11.f5 Bb4 12.Qf3 O-O 13.Be3 Qa5 14.Ne2 Bc5 15.Kh1 
Bxe3 16.Qxe3 Qb4 17.b3 Bd7 18.a5 b5 19.axb6 axb6 20.c3 Qd6 21.b4 c5 22.b5 
Rxa1 23.Rxa1 Rd8 24.h3 Bc8 25.Ra7 Bd7 26.Ng3 Kf8 27.Qe2 Be8 28.Kh2 Qd2 29.
Qxd2 Rxd2 30.Rb7 Rd6 31.Kg1 h5 32.h4 g6 33.fxg6 fxg6 34.Kf2 Ng4+ 35.Ke2 
Rf6 36.Nh1 Rf4 37.Kd3 Rf1 38.Ng3 Rf2 39.Rxb6 Rxg2 40.Ne2 g5 41.hxg5 h4 42.
Rb8 h3 43.b6 Nf2+ 44.Kc2 h2 45.b7 h1=Q 46.Rxe8+ Kg7 47.Rg8+ Kh7 48.Rh8+ 
Kxh8 49.b8=Q+ 1-0

[Event "26th EUR-ch"]
[Site "Katowice POL"]
[Date "2026.04.18"]
[Round "10.58"]
[White "Piesik, Piotr"]
[Black "Psyk, Radoslaw"]
[Result "1/2-1/2"]
[WhiteElo "2407"]
[BlackElo "2501"]
[EventDate "2026.04.07"]
[PlyCount "66"]

1.d4 d5 2.c4 e6 3.Nc3 Nf6 4.Nf3 h6 5.Bf4 Bd6 6.Bxd6 Qxd6 7.e3 O-O 8.cxd5 
exd5 9.Bd3 Bg4 10.Qb3 Nc6 11.Rc1 a6 12.O-O Bxf3 13.gxf3 Nd8 14.Ne2 Rb8 15.
Ng3 Ne6 16.f4 Rfc8 17.Kh1 c5 18.Qa3 Qf8 19.dxc5 Rxc5 20.Rxc5 Qxc5 21.Qxc5 
Nxc5 22.Rd1 Na4 23.Rd2 Rc8 24.Kg2 Rc1 25.e4 dxe4 26.Nxe4 b5 27.Bc2 Nxe4 
28.Rd8+ Kh7 29.Bxe4+ g6 30.Rd7 Kg8 31.Bd5 Nb6 32.Bxf7+ Kf8 33.Rb7 Rc6 
1/2-1/2

[Event "26th EUR-ch"]
[Site "Katowice POL"]
[Date "2026.04.18"]
[Round "10.59"]
[White "Velten, Paul"]
[Black "Kusa, Jakub"]
[Result "0-1"]
[WhiteElo "2500"]
[BlackElo "2406"]
[EventDate "2026.04.07"]
[PlyCount "208"]

1.d4 d5 2.c4 dxc4 3.e4 e5 4.Nf3 Bb4+ 5.Nc3 Nf6 6.Nxe5 b5 7.a3 Ba5 8.Bg5 c5
9.Nf3 O-O 10.Be2 cxd4 11.Nxd4 h6 12.Bxf6 Qxf6 13.O-O a6 14.Nd5 Qd8 15.a4 
Bd7 16.axb5 axb5 17.Bg4 Ra6 18.Bxd7 Qxd7 19.b4 cxb3 20.Nxb3 Qa7 21.Qd3 Bb6
22.Rxa6 Nxa6 23.Qxb5 Rb8 24.Qc4 Qb7 25.g3 Kh8 26.Nd4 Bxd4 27.Qxd4 Nc7 28.
Rc1 Ne6 29.Qe5 Rc8 30.Re1 Qa7 31.h4 Rc2 32.Ne3 Rc5 33.Qb2 Ra5 34.Kg2 Ra2 
35.Qb5 Qa8 36.Nd5 Ra5 37.Qd7 Ra7 38.Qd6 Rb7 39.Rc1 Qb8 40.Qc6 Kh7 41.Qc4 
Rb1 42.Rxb1 Qxb1 43.Ne7 Qb7 44.Nf5 Kg8 45.Qd5 Qc7 46.Qa8+ Qd8 47.Qd5 Qc7 
48.Nd6 Qe7 49.f4 Nc7 50.Qc6 Ne6 51.h5 Nf8 52.Qd5 Ne6 53.e5 Qc7 54.Qa8+ Kh7
55.Qe4+ Kg8 56.Qf5 Nd4 57.Qe4 Ne6 58.Kh2 Qa7 59.Qg2 Qa6 60.Qc2 Qf1 61.Qc8+
Kh7 62.Qc2+ Kg8 63.Qg2 Qd1 64.g4 Qa4 65.f5 Qf4+ 66.Qg3 Qd2+ 67.Qg2 Qf4+ 
68.Qg3 Qd2+ 69.Kh1 Ng5 70.f6 Qd1+ 71.Kg2 Qe2+ 72.Qf2 Qxg4+ 73.Kf1 Qd1+ 74.
Qe1 Qf3+ 75.Qf2 Qh1+ 76.Ke2 Qxh5+ 77.Ke3 Qh3+ 78.Ke2 Qg4+ 79.Ke3 Qh3+ 80.
Ke2 Qe6 81.Qf5 gxf6 82.Qxe6 fxe6 83.exf6 Kh7 84.Ke3 Kg6 85.Kf4 Kxf6 86.
Ne8+ Ke7 87.Ng7 Kf7 88.Nh5 Kg6 89.Kg4 e5 90.Ng3 Nh7 91.Nf1 Nf6+ 92.Kf3 Kg5
93.Nd2 h5 94.Nc4 e4+ 95.Kg3 h4+ 96.Kh3 Nh5 97.Nd2 Nf4+ 98.Kh2 e3 99.Nf3+ 
Kg4 100.Ne5+ Kf5 101.Nf3 Ke4 102.Ng5+ Kd3 103.Kg1 e2 104.Kf2 Nh3+ 0-1

[Event "26th EUR-ch"]
[Site "Katowice POL"]
[Date "2026.04.18"]
[Round "10.60"]
[White "Macias Pino, Diego"]
[Black "Agdelen, Huseyin Can"]
[Result "1-0"]
[WhiteElo "2495"]
[BlackElo "2405"]
[EventDate "2026.04.07"]
[PlyCount "65"]

1.e4 e5 2.Nf3 Nc6 3.Bc4 Nf6 4.d3 Be7 5.O-O O-O 6.Nc3 d6 7.a4 Be6 8.Nd5 
Bxd5 9.exd5 Nb4 10.d4 e4 11.Nd2 c6 12.dxc6 bxc6 13.c3 Nbd5 14.Re1 Nc7 15.
f3 d5 16.Bb3 exf3 17.Nxf3 Ne4 18.Ne5 Bd6 19.Bf4 Qh4 20.g3 Qh3 21.Rxe4 dxe4
22.Nxf7 Nd5 23.Nxd6 g5 24.Bxg5 Rf2 25.Bxd5+ cxd5 26.Kxf2 Qxh2+ 27.Ke3 
Qxg3+ 28.Kd2 Qxg5+ 29.Kc2 Qg2+ 30.Qd2 Qg6 31.Qh2 e3+ 32.Kb3 Rb8+ 33.Ka2 
1-0

[Event "26th EUR-ch"]
[Site "Katowice POL"]
[Date "2026.04.18"]
[Round "10.61"]
[White "Lashkin, Jegor"]
[Black "Sibashvili, Giorgi"]
[Result "1/2-1/2"]
[WhiteElo "2493"]
[BlackElo "2405"]
[EventDate "2026.04.07"]
[PlyCount "85"]

1.c4 c5 2.Nf3 g6 3.d4 Bg7 4.d5 f5 5.g3 e5 6.e4 d6 7.exf5 gxf5 8.Nh4 Qf6 9.
Nc3 Bd7 10.Nb5 Bxb5 11.Qh5+ Kd7 12.cxb5 f4 13.Rg1 Kc7 14.gxf4 Ne7 15.fxe5 
Qxe5+ 16.Qxe5 Bxe5 17.Nf3 Bf6 18.Rb1 Nd7 19.Kd1 Nxd5 20.Bd2 Rhf8 21.Rg3 
Ne5 22.Be2 Rae8 23.h3 Ne7 24.Nxe5 Bxe5 25.Rg2 Nf5 26.b4 Bd4 27.Bd3 Nh4 28.
Rg4 Nf3 29.Bh6 Rf7 30.bxc5 dxc5 31.Rf4 Rxf4 32.Bxf4+ Kb6 33.Bxh7 c4 34.a4 
Re1+ 35.Kc2 Re2+ 36.Kd1 Rxf2 37.Rc1 Ng1 38.Bd2 Rf1+ 39.Kc2 Rxc1+ 40.Bxc1 
Nxh3 41.Bg8 Ka5 42.Bxc4 Kxa4 43.b6 1/2-1/2

[Event "26th EUR-ch"]
[Site "Katowice POL"]
[Date "2026.04.18"]
[Round "10.62"]
[White "Patrelakis, Evaggelos"]
[Black "Czernek, Tymon"]
[Result "1/2-1/2"]
[WhiteElo "2490"]
[BlackElo "2401"]
[EventDate "2026.04.07"]
[PlyCount "87"]

1.e4 c5 2.Nf3 Nc6 3.Bb5 e6 4.Bxc6 bxc6 5.d3 Ne7 6.O-O d6 7.Re1 e5 8.c3 Ng6
9.d4 Qc7 10.dxc5 dxc5 11.Be3 Be7 12.Nbd2 O-O 13.Qa4 a5 14.Nb3 c4 15.Nbd2 
Ba6 16.Nf1 Rfd8 17.Ng3 Rab8 18.Rab1 Rd3 19.Nf5 Bf8 20.h4 Bb5 21.Qc2 c5 22.
b3 Rbd8 23.Nd2 cxb3 24.Nxb3 Ba4 25.c4 Nf4 26.Bxf4 exf4 27.e5 R3d7 28.h5 
Bc6 29.Qe2 f3 30.Qe3 Rd3 31.Qg5 fxg2 32.Nxc5 f6 33.Ne6 Rh3 34.Qxg2 Bxg2 
35.Nxc7 Bf3 36.Ng3 Bc5 37.Kf1 Rh2 38.Rb2 fxe5 39.Ne6 Rc8 40.Rxe5 Bd6 41.
Re3 Bg4 42.Kg1 Bxg3 43.Rxg3 Rh4 44.Rb6 1/2-1/2

[Event "26th EUR-ch"]
[Site "Katowice POL"]
[Date "2026.04.18"]
[Round "10.63"]
[White "Turski, Bartlomiej"]
[Black "Gharibian, Mamikon"]
[Result "1/2-1/2"]
[WhiteElo "2404"]
[BlackElo "2487"]
[EventDate "2026.04.07"]
[PlyCount "48"]

1.e4 c6 2.d4 d5 3.Nc3 dxe4 4.Nxe4 Nf6 5.Nxf6+ exf6 6.c3 Bd6 7.Bd3 O-O 8.
Qc2 h6 9.Ne2 c5 10.Be3 Qc7 11.dxc5 Bxc5 12.Bf4 Qe7 13.O-O Nc6 14.Ng3 Ne5 
15.Rae1 Re8 16.Kh1 Qf8 17.Bb5 Re7 18.Ne4 Bb6 19.h3 Kh8 20.Nd6 Be6 21.Nf5 
Bxf5 22.Qxf5 Qc8 23.Qxc8+ Rxc8 24.g3 g5 1/2-1/2

[Event "26th EUR-ch"]
[Site "Katowice POL"]
[Date "2026.04.18"]
[Round "10.64"]
[White "Ioannidis, Evgenios"]
[Black "Cukrowski, Filip"]
[Result "1-0"]
[WhiteElo "2487"]
[BlackElo "2400"]
[EventDate "2026.04.07"]
[PlyCount "95"]

1.c4 Nf6 2.Nc3 e5 3.Nf3 Nc6 4.e3 h6 5.d4 exd4 6.exd4 d5 7.c5 Be7 8.Bb5 Bd7
9.h3 a6 10.Bd3 b6 11.cxb6 cxb6 12.O-O O-O 13.Bf4 b5 14.Re1 Be6 15.Rc1 Rc8 
16.a4 b4 17.Ne2 Qb6 18.Ng3 Rfd8 19.Qe2 b3 20.Be5 Nd7 21.Bxa6 Ndxe5 22.dxe5
Nd4 23.Nxd4 Rxc1 24.Rxc1 Qxd4 25.Bb5 Bb4 26.Rd1 Qc5 27.Bc4 d4 28.Bxe6 fxe6
29.Nh5 Rd7 30.Nf4 Qc2 31.Kf1 Rc7 32.Nxe6 Qxe2+ 33.Kxe2 Rc2+ 34.Kd3 Rxb2 
35.Nxd4 Rxf2 36.Nxb3 Rxg2 37.Kc4 Be7 38.Rd2 Rg5 39.a5 Rxe5 40.a6 Bg5 41.a7
Re8 42.Rd7 Be3 43.Nd4 h5 44.Rb7 Bf4 45.Ne6 Bh2 46.Rxg7+ Kh8 47.Kd5 h4 48.
Rd7 1-0

[Event "26th EUR-ch"]
[Site "Katowice POL"]
[Date "2026.04.18"]
[Round "10.65"]
[White "Quparadze, Giga"]
[Black "Kanov, Nikola"]
[Result "1-0"]
[WhiteElo "2484"]
[BlackElo "2398"]
[EventDate "2026.04.07"]
[PlyCount "95"]

1.e4 e6 2.d4 d5 3.Nc3 dxe4 4.Nxe4 Nd7 5.Nf3 Ngf6 6.Nxf6+ Nxf6 7.c3 c5 8.
Be3 Qc7 9.Ne5 a6 10.Qa4+ Bd7 11.Nxd7 Nxd7 12.g3 Bd6 13.Bg2 O-O 14.O-O b5 
15.Qc2 cxd4 16.Bxd4 Rad8 17.a4 Bc5 18.Rfd1 Nb6 19.Bxc5 Qxc5 20.axb5 axb5 
21.Be4 g6 22.h4 Nc4 23.Bd3 Rd5 24.Be4 Rdd8 25.Qe2 h5 26.Bd3 Rc8 27.b3 Nb6 
28.b4 Qc7 29.Bxg6 fxg6 30.Qxe6+ Rf7 31.Ra6 Nc4 32.Qxg6+ Rg7 33.Qe6+ Kh8 
34.Rd5 Rf8 35.Rxh5+ Rh7 36.Rxb5 Nd2 37.Rf5 Rg8 38.Qf6+ Qg7 39.Qxg7+ Rhxg7 
40.Rh6+ Rh7 41.Rxh7+ Kxh7 42.Rh5+ Kg6 43.Rg5+ Kf7 44.Rxg8 Kxg8 45.b5 Nc4 
46.h5 Kf7 47.g4 Ke6 48.h6 1-0

[Event "26th EUR-ch"]
[Site "Katowice POL"]
[Date "2026.04.18"]
[Round "10.66"]
[White "Medhus, Vitus Bondo"]
[Black "Nemec, Jachym"]
[Result "1-0"]
[WhiteElo "2401"]
[BlackElo "2482"]
[EventDate "2026.04.07"]
[PlyCount "61"]

1.c4 e6 2.Nc3 Bb4 3.e4 d6 4.Nge2 c5 5.a3 Bxc3 6.Nxc3 Nc6 7.Qg4 Nf6 8.Qg3 
Nd4 9.Bd3 e5 10.O-O O-O 11.Qh4 Ne6 12.Be2 g5 13.Qg3 Kh8 14.d3 Rg8 15.Bg4 
Nf4 16.Bxc8 Qxc8 17.b4 b6 18.b5 Rg6 19.a4 Qe6 20.a5 Rag8 21.axb6 axb6 22.
Ra6 Rh6 23.Rxb6 Rh4 24.Qf3 g4 25.Qg3 Rh6 26.Bxf4 exf4 27.Qxf4 Nd7 28.Rb7 
Rf6 29.Qg3 Rf3 30.Qh4 Rxd3 31.Nd5 1-0

[Event "26th EUR-ch"]
[Site "Katowice POL"]
[Date "2026.04.18"]
[Round "10.67"]
[White "Talibov, Shiroghlan"]
[Black "Borrmann, Laurenz"]
[Result "0-1"]
[WhiteElo "2482"]
[BlackElo "2391"]
[EventDate "2026.04.07"]
[PlyCount "61"]

1.d4 d5 2.c4 e6 3.Nf3 Nf6 4.Nc3 Be7 5.Bf4 c5 6.dxc5 Bxc5 7.cxd5 Nxd5 8.
Nxd5 exd5 9.e3 Nc6 10.a3 d4 11.Rc1 Qe7 12.b4 Bb6 13.Bb5 dxe3 14.Bd6 Qe4 
15.Rc4 exf2+ 16.Kf1 Qf5 17.Ne5 Bd7 18.Nxd7 Qxb5 19.Nxb6 axb6 20.Qe2+ Kd7 
21.Bf4 g5 22.Bc1 Rhe8 23.Qd3+ Kc7 24.Kxf2 Rad8 25.Qc2 Kb8 26.Rf1 Nd4 27.
Qd3 Qd5 28.Be3 Rxe3 29.Kxe3 Nf5+ 30.Qxf5 Qd2+ 31.Ke4 0-1

[Event "26th EUR-ch"]
[Site "Katowice POL"]
[Date "2026.04.18"]
[Round "10.68"]
[White "Sukiasian, Vahe A."]
[Black "Ilinca, Felix-Antonio"]
[Result "1-0"]
[WhiteElo "2395"]
[BlackElo "2481"]
[EventDate "2026.04.07"]
[PlyCount "105"]

1.e4 c6 2.d4 d5 3.exd5 cxd5 4.Nf3 Nc6 5.c3 Bf5 6.Qb3 Qd7 7.Nh4 Bg4 8.h3 
Be6 9.Bd3 f6 10.O-O g5 11.Nf3 O-O-O 12.Re1 Nh6 13.Qc2 Rg8 14.h4 g4 15.Nh2 
Bf5 16.Bxh6 Bxd3 17.Qxd3 Bxh6 18.Qxh7 Rh8 19.Qf7 Rdg8 20.g3 Bc1 21.a4 Qf5 
22.Qe6+ Qxe6 23.Rxe6 Bxb2 24.Ra2 Bc1 25.Re1 Bh6 26.Na3 Rh7 27.Rae2 e5 28.
dxe5 fxe5 29.Nc2 Rd7 30.Rd1 Kc7 31.Kg2 a6 32.Nf1 d4 33.cxd4 exd4 34.Ne1 
Kd6 35.Nh2 Kd5 36.Nd3 Rf7 37.Rc2 Bf8 38.Nf4+ Ke5 39.Re2+ Kd6 40.Ne6 Kd5 
41.Nf4+ Kc4 42.Re8 Kc3 43.Rc8 Kb4 44.h5 Rf5 45.Rb1+ Kxa4 46.Rxb7 Ne5 47.h6
d3 48.Rd8 Rh8 49.h7 Nf7 50.Rd4+ Ka5 51.Ne6 Bh6 52.Rxd3 Rxh7 53.Ra3# 1-0

[Event "26th EUR-ch"]
[Site "Katowice POL"]
[Date "2026.04.18"]
[Round "10.69"]
[White "Sipila, Vilka"]
[Black "Maltsevskaya, Aleksandra"]
[Result "0-1"]
[WhiteElo "2479"]
[BlackElo "2393"]
[EventDate "2026.04.07"]
[PlyCount "62"]

1.e4 c5 2.Nf3 d6 3.d4 cxd4 4.Nxd4 Nf6 5.Nc3 e5 6.Nf3 Be7 7.Bd3 Nc6 8.O-O 
O-O 9.a3 Be6 10.Bg5 Rc8 11.Re1 h6 12.Bxf6 Bxf6 13.Nd2 Bg5 14.Nc4 a6 15.Ne3
g6 16.Ncd5 Ne7 17.Nxe7+ Qxe7 18.c3 Rfd8 19.Bc2 Bxe3 20.Rxe3 d5 21.exd5 
Rxd5 22.Qe1 Qf6 23.Rd1 Rxd1 24.Bxd1 Rd8 25.h3 Kg7 26.Bc2 Qf4 27.g3 Qf6 28.
Kh2 Bd5 29.Rxe5 Qf3 30.Qg1 Bc6 31.Re3 Qxe3 0-1

[Event "26th EUR-ch"]
[Site "Katowice POL"]
[Date "2026.04.18"]
[Round "10.70"]
[White "Povshednyi, Ivan"]
[Black "Tarhan, Adar"]
[Result "0-1"]
[WhiteElo "2391"]
[BlackElo "2477"]
[EventDate "2026.04.07"]
[PlyCount "78"]

1.d4 d5 2.c4 e6 3.Nf3 Nf6 4.g3 Be7 5.Bg2 O-O 6.O-O dxc4 7.Qc2 a6 8.a4 Bd7 
9.Qxc4 Bc6 10.Bf4 Nbd7 11.Nc3 Bd6 12.Qb3 Bxf4 13.gxf4 a5 14.Qc2 Nb6 15.e3 
g6 16.h3 Nbd5 17.Ne5 Nb4 18.Qe2 Bxg2 19.Kxg2 c6 20.Kh2 Rc8 21.Rg1 Nbd5 22.
Qf3 Ne7 23.Ng4 Nf5 24.Nxf6+ Qxf6 25.Rg5 Rfd8 26.Rag1 Qe7 27.Qe4 Kf8 28.Qf3
Qb4 29.Ne4 Qxb2 30.Nc5 b6 31.Nd3 Qc2 32.Ne5 Ke7 33.e4 Nxd4 34.Qa3+ c5 35.
Qg3 f6 36.Qh4 fxe5 37.Rxg6+ Kd6 38.Qh5 hxg6 39.Qxe5+ Kc6 0-1

[Event "26th EUR-ch"]
[Site "Katowice POL"]
[Date "2026.04.18"]
[Round "10.71"]
[White "Atoyan, Alberto"]
[Black "Lavrencic, Matic"]
[Result "0-1"]
[WhiteElo "2342"]
[BlackElo "2472"]
[EventDate "2026.04.07"]
[PlyCount "56"]

1.e4 c5 2.Nf3 d6 3.d4 cxd4 4.Nxd4 Nf6 5.Nc3 a6 6.Bg5 Nbd7 7.Qe2 h6 8.Bh4 
g6 9.f4 e5 10.fxe5 dxe5 11.O-O-O Bg7 12.Nb3 b5 13.Nd5 O-O 14.Nc5 g5 15.
Nxd7 Bxd7 16.Nxf6+ Bxf6 17.Bg3 Qc8 18.Qf2 Bg7 19.h4 g4 20.Qe3 Be6 21.Kb1 
Qc6 22.Be2 b4 23.Rd2 a5 24.Rhd1 Rfc8 25.Qd3 Qa4 26.a3 Rab8 27.Qd6 bxa3 28.
Bxe5 axb2 0-1

[Event "26th EUR-ch"]
[Site "Katowice POL"]
[Date "2026.04.18"]
[Round "10.72"]
[White "Dotzer, Lukas"]
[Black "Ambartsumian, Tyhran"]
[Result "1/2-1/2"]
[WhiteElo "2469"]
[BlackElo "2372"]
[EventDate "2026.04.07"]
[PlyCount "53"]

1.d4 Nf6 2.c4 e6 3.Nc3 Bb4 4.e3 O-O 5.Bd3 d5 6.a3 dxc4 7.Bxc4 Bxc3+ 8.bxc3
c5 9.Ne2 Qc7 10.Ba2 b6 11.O-O Ba6 12.Bb2 Nc6 13.Rc1 Rfd8 14.c4 cxd4 15.
Nxd4 Nxd4 16.exd4 Qf4 17.h3 Bb7 18.Re1 b5 19.d5 bxc4 20.Rxc4 Qh6 21.Bxf6 
Qxf6 22.Rd4 Bxd5 23.Bxd5 exd5 24.Rxd5 g6 25.Rd7 Kg7 26.Qa4 a6 27.Red1 
1/2-1/2

[Event "26th EUR-ch"]
[Site "Katowice POL"]
[Date "2026.04.18"]
[Round "10.73"]
[White "Blomqvist, Erik"]
[Black "Talu, Mircea"]
[Result "0-1"]
[WhiteElo "2463"]
[BlackElo "2371"]
[EventDate "2026.04.07"]
[PlyCount "82"]

1.e4 e5 2.Nf3 Nc6 3.Bb5 a6 4.Ba4 Nf6 5.O-O Be7 6.Bxc6 dxc6 7.Re1 Nd7 8.c3 
c5 9.d4 cxd4 10.cxd4 exd4 11.Qxd4 O-O 12.Nc3 c6 13.Be3 Nc5 14.Rad1 Qxd4 
15.Nxd4 g6 16.h3 a5 17.g4 Re8 18.f4 Bf8 19.Bf2 a4 20.Kg2 Ra6 21.e5 b5 22.
Nf3 Be6 23.Ng5 Bc4 24.Bxc5 Bxc5 25.Nge4 Be7 26.Nd6 Rb8 27.a3 Bb3 28.Rd2 b4
29.axb4 Rxb4 30.f5 c5 31.f6 Bf8 32.g5 h6 33.Nde4 Rd4 34.h4 Re6 35.Nb5 Rb4 
36.gxh6 Rxe5 37.h7+ Kh8 38.Nbc3 Bh6 39.Ng5 Bxg5 40.Rd8+ Kxh7 41.Rxe5 Bxf6 
0-1

[Event "26th EUR-ch"]
[Site "Katowice POL"]
[Date "2026.04.18"]
[Round "10.74"]
[White "Demchenko, Anton"]
[Black "Zakin, Ilay"]
[Result "1-0"]
[WhiteElo "2636"]
[BlackElo "2330"]
[EventDate "2026.04.07"]
[PlyCount "99"]

1.d4 Nf6 2.Nf3 d5 3.Bf4 e6 4.e3 c5 5.c3 Qb6 6.Qb3 Bd7 7.Nbd2 Be7 8.Be2 O-O
9.O-O Bc6 10.a4 Nbd7 11.h3 Rfc8 12.Qa2 a5 13.Qb1 h6 14.Bd3 Qd8 15.Re1 b6 
16.Bc2 Bb7 17.Qd1 Qf8 18.Ne5 Bd6 19.Bg3 Qe7 20.Qf3 Bb8 21.Rad1 Nxe5 22.
dxe5 Nd7 23.Qh5 Qg5 24.Qxg5 hxg5 25.e4 Bc7 26.Nf3 Bd8 27.exd5 Bxd5 28.Rxd5
exd5 29.Bf5 Ra7 30.e6 fxe6 31.Bxe6+ Kf8 32.Bxd5 Nf6 33.Bc4 Bc7 34.Nxg5 
Bxg3 35.fxg3 g6 36.Ne6+ Kg8 37.Rf1 Nh7 38.Rd1 Kf7 39.Rd6 Ke7 40.Rxb6 g5 
41.Ng7 Rf8 42.g4 Rf4 43.Nf5+ Kd8 44.Bb5 Re4 45.Rd6+ Kc8 46.Rc6+ Kd8 47.
Rxc5 Re1+ 48.Kh2 Nf6 49.Rc6 Ne8 50.Rg6 1-0

[Event "26th EUR-ch"]
[Site "Katowice POL"]
[Date "2026.04.18"]
[Round "10.75"]
[White "Goroskov, Maksim"]
[Black "Socko, Bartosz"]
[Result "0-1"]
[WhiteElo "2364"]
[BlackElo "2584"]
[EventDate "2026.04.07"]
[PlyCount "118"]

1.e4 e6 2.d4 d5 3.exd5 exd5 4.Nf3 Nc6 5.c3 Bf5 6.Bd3 Qd7 7.O-O Bd6 8.b4 
Nge7 9.Na3 O-O 10.Nb5 Rfe8 11.a4 Bxd3 12.Qxd3 Nf5 13.Nxd6 Nxd6 14.Bf4 Nc4 
15.Ng5 g6 16.Qh3 Qxh3 17.Nxh3 Re7 18.Bg5 Rd7 19.Rfe1 Kg7 20.f3 f6 21.Bf4 
Kf7 22.Nf2 a5 23.b5 Nd8 24.Nd3 b6 25.Re2 c6 26.bxc6 Nxc6 27.Nb2 Ne7 28.Rb1
Rc8 29.Nd3 g5 30.Bg3 Nf5 31.Bf2 Re7 32.Rxe7+ Nxe7 33.h4 h6 34.hxg5 hxg5 
35.Be1 Ke6 36.g3 Kd7 37.Kg2 Rc6 38.Bf2 Re6 39.Nb2 Na3 40.Ra1 Re2 41.Nd1 
Nc4 42.Kf1 Rc2 43.Ke1 Nd2 44.f4 gxf4 45.gxf4 Nf5 46.Ra3 Kc6 47.Ra1 Kd6 48.
Ra3 Kd7 49.Ra1 Kc6 50.Ra3 b5 51.axb5+ Kxb5 52.c4+ Kb4 53.Rh3 Nxc4 54.Rh5 
Ncd6 55.Rh8 a4 56.Be3 Nc4 57.Rb8+ Ka5 58.Ra8+ Kb5 59.Rb8+ Kc6 0-1

[Event "26th EUR-ch"]
[Site "Katowice POL"]
[Date "2026.04.18"]
[Round "10.76"]
[White "Vykouk, Jan"]
[Black "Beydullayeva, Govhar"]
[Result "1-0"]
[WhiteElo "2553"]
[BlackElo "2358"]
[EventDate "2026.04.07"]
[PlyCount "85"]

1.c4 e6 2.Nc3 d5 3.d4 Be7 4.Bf4 Nf6 5.e3 O-O 6.Nf3 Nbd7 7.cxd5 Nxd5 8.Bg3 
c5 9.Bd3 cxd4 10.exd4 Qa5 11.Qd2 N7f6 12.O-O Nxc3 13.bxc3 b6 14.Rfe1 Ba6 
15.Re5 Qa4 16.Bc2 Qc6 17.Bh4 Rac8 18.Re3 Bb7 19.Qd3 g6 20.Qf1 Nd5 21.Bxe7 
Nxe7 22.Ne5 Qd6 23.Qe1 f6 24.Nf3 Kf7 25.Bb3 Nd5 26.Re4 Ba6 27.Qd2 Kg7 28.
Rae1 Rfe8 29.h4 Bc4 30.Bc2 Ne7 31.h5 Bd5 32.Rh4 Nf5 33.Rh3 Rh8 34.h6+ Kf7 
35.g4 Ne7 36.g5 Nf5 37.gxf6 Bxf3 38.Rxf3 Kxf6 39.Re5 Rhe8 40.Qf4 Qd7 41.
Bb3 b5 42.Qh4+ g5 43.Bxe6 1-0

[Event "26th EUR-ch"]
[Site "Katowice POL"]
[Date "2026.04.18"]
[Round "10.77"]
[White "Bettalli, Francesco"]
[Black "Moroni, Luca jr"]
[Result "1/2-1/2"]
[WhiteElo "2358"]
[BlackElo "2551"]
[EventDate "2026.04.07"]
[PlyCount "46"]

1.e4 e5 2.Nf3 Nc6 3.Bc4 Bc5 4.c3 Nf6 5.d3 d6 6.O-O a6 7.a4 Ba7 8.b4 h6 9.
Nbd2 O-O 10.h3 Re8 11.Re1 Be6 12.Bxe6 Rxe6 13.Nf1 Qd7 14.Be3 Bxe3 15.Nxe3 
d5 16.Qc2 Ne7 17.exd5 Nfxd5 18.Nxd5 Qxd5 19.d4 Ng6 20.dxe5 Nxe5 21.Nxe5 
Rxe5 22.Rxe5 Qxe5 23.Qd2 Re8 1/2-1/2

[Event "26th EUR-ch"]
[Site "Katowice POL"]
[Date "2026.04.18"]
[Round "10.78"]
[White "Zielonka, Adam"]
[Black "Can, Emre"]
[Result "0-1"]
[WhiteElo "2350"]
[BlackElo "2546"]
[EventDate "2026.04.07"]
[PlyCount "60"]

1.e4 c6 2.d4 d5 3.e5 c5 4.Nf3 Nc6 5.dxc5 Bg4 6.c3 a6 7.Bf4 e6 8.b4 Nge7 9.
Bd3 d4 10.a3 Nd5 11.Bg3 dxc3 12.O-O a5 13.b5 Nd4 14.Qa4 Bxc5 15.Nxd4 Nb6 
16.Qb3 a4 17.Qc2 Bxd4 18.Bxh7 Rc8 19.Be4 Qc7 20.h3 Bf5 21.Bxf5 exf5 22.Ra2
O-O 23.Re1 Qc4 24.Re2 g6 25.Qc1 Rfe8 26.Rac2 Nd5 27.h4 Qxb5 28.h5 f4 29.
Bh4 Bxe5 30.Re4 Bg7 0-1

[Event "26th EUR-ch"]
[Site "Katowice POL"]
[Date "2026.04.18"]
[Round "10.79"]
[White "Suleymanli, Suleyman"]
[Black "Laurent-Paoli, Pierre"]
[Result "1-0"]
[WhiteElo "2348"]
[BlackElo "2542"]
[EventDate "2026.04.07"]
[PlyCount "76"]

1.d4 d5 2.Nf3 e6 3.Bf4 c5 4.e3 Nc6 5.Nc3 a6 6.dxc5 Bxc5 7.Bd3 f6 8.Bg3 
Nge7 9.O-O e5 10.e4 d4 11.Nd5 Nxd5 12.exd5 Qxd5 13.Nh4 Be6 14.Qh5+ Bf7 15.
Qg4 g6 16.Rfe1 Qd7 17.Qf3 Be7 18.Qe2 O-O 19.f4 Bb4 20.Rf1 Rae8 21.fxe5 
Nxe5 22.Bxe5 Rxe5 23.Qf2 Re3 24.Qxf6 Be7 25.Qf4 Kg7 26.Nf3 Bc4 27.Qg3 Bxd3
28.cxd3 Rxd3 29.Rac1 Bd6 30.Qh4 Rf4 31.Qg5 Rf5 32.Qg4 Bf4 33.Rc2 Re3 34.
Nh4 Bxh2+ 35.Kxh2 Qd6+ 36.Kg1 Rxf1+ 37.Kxf1 Qf6+ 38.Rf2 Qe5 1-0